Svařování vysokotlakových potrubí a kotlových trubek elektrickým obloukem určeno svářečům, mistrům a technologům

Bibliographic Details
Main Author: Hartl, F. (Author)
Format: Book
Language:Undetermined
Czech
Published: Praha Státní nakladatelství technické literatury 1964
Series:Knižnice strojírenské výroby
Subjects:

MARC

LEADER 00000cam a2200000 a 4500
001 vtls001375367
003 SK-MaSNL
005 20260302000616.0
008 251029s1964 xx 0 und
035 |a SNK000329273 
040 |a SNK  |b slo  |c SNK  |e AACR2 
041 1 |a cze 
044 |a xr  |c CZ 
080 |a 621.791  |2 2001 
100 1 |a Hartl, F.  |4 aut  |9 635418 
245 1 0 |a Svařování vysokotlakových potrubí a kotlových trubek elektrickým obloukem  |b určeno svářečům, mistrům a technologům  |c František Hartl 
260 |a Praha  |b Státní nakladatelství technické literatury  |c 1964 
300 |a 123 s. 
490 1 |a Knižnice strojírenské výroby  |v sv. 105 
650 0 7 |a zváranie  |2 SNKPH  |9 1839 
655 7 |a príručky  |2 SNKPH  |9 74364 
830 0 |a Knižnice strojírenské výroby  |9 281896 
958 |a OND 
999 |c 980310  |d 982240 
952 |a SNK  |b SNK  |y NEVYP  |7 0  |p 17A0215228  |o snkID 35894 D1  |0 0  |1 1  |4 0  |d 1999-10-22  |l 0  |r 2005-01-02 00:00:00  |w 2026-02-24